Manual de experimentos para el curso IE-308 Laboratorio Eléctrico I
Tallennettuna:
| Päätekijä: | |
|---|---|
| Muut tekijät: | , |
| Aineistotyyppi: | Kirja |
| Julkaistu: |
[San José , Costa Rica]
1984
|
| Tagit: |
Lisää tagi
Ei tageja, Lisää ensimmäinen tagi!
|
MARC
| LEADER | 00000nam a2200000Ia 4500 | ||
|---|---|---|---|
| 003 | MV0003 | ||
| 005 | 20221231143949.0 | ||
| 008 | 140114s1984 cr a m 000 ||s d | ||
| 040 | |c cru CEDI | ||
| 090 | |a MV 03 | ||
| 100 | |a Páez, José Miguel |9 18308 | ||
| 245 | |a Manual de experimentos para el curso IE-308 Laboratorio Eléctrico I | ||
| 260 | |a [San José , Costa Rica] |c 1984 | ||
| 300 | |a 55 hojas | ||
| 500 | |a A la cabeza de la portada. Universidad de Costa Rica. Facultad de Ingeniería. Escuela de Ingeniería Eléctrica | ||
| 700 | |9 18309 |a Lorenzo, Róger | ||
| 700 | |9 18312 |a Chacón, Víctor H | ||
| 942 | |c MX | ||
| 999 | |c 14875 |d 14875 | ||
